00633nam a22001697a 450000500170000001000130001702000260003003500110005603700130006708200080008010000330008824500940012124600810021526000520029627000920034830000230044020200921123533.0 aUR-10867 c150.00a9789389733709 aU-9422 bDBAD/PUB a920 aا يا ز ا حمد مغل  aحيا ت ا نيس منصو ر فی ضو ء کتا ب تہcا يا ز ا حمد مغل  bLife in the Light of the Works of Anis Mansour (Urdu)aby Ayaz Ahmed Mughal  aN.Delhi bEducational Publishing Housec2020 ء aH.O.D1/16,Ansari Road,Darya ganj,bN.Delhie110002k45678285,23216162l0091-11-23211540 a119 ص c22 Cm(Hb)